Estrategias de enseñanza (Registro nro. 2422)

Detalles MARC
000 -LEADER
fixed length control field 01205 a2200253 4500
001 - CONTROL NUMBER
control field 34164
005 - DATE AND TIME OF LATEST TRANSACTION
control field 20260407155630.0
008 - FIXED-LENGTH DATA ELEMENTS--GENERAL INFORMATION
fixed length control field 260407a2014 arg spa d
003 - CONTROL NUMBER IDENTIFIER
control field AR-UNSa-BCEJYS
040 ## - CATALOGING SOURCE
Original cataloging agency AR-UNSa-BCEJYS
Language of cataloging spa
Transcribing agency AR-UNSa-BCEJYS
080 ## - UNIVERSAL DECIMAL CLASSIFICATION NUMBER
Universal Decimal Classification number 37.02
Common auxiliary subdivision Cuestiones generales de didáctica y metodología
020 ## - INTERNATIONAL STANDARD BOOK NUMBER
International Standard Book Number 978-987-06-0212-5
041 ## - LANGUAGE CODE
Language code of text/sound track or separate title spa
100 1# - MAIN ENTRY--PERSONAL NAME
Personal name Mora, Silvia
245 10 - TITLE STATEMENT
Title Estrategias de enseñanza
Name of part/section of a work otra mirada al quehacer en el aula
250 ## - EDITION STATEMENT
Edition statement 1a ed., 3a. reimp.
264 #1 - PRODUCTION, PUBLICATION, DISTRIBUTION, MANUFACTURE, AND COPYRIGHT NOTICE
Place of production, publication, distribution, manufacture Buenos Aires :
Name of producer, publisher, distributor, manufacturer Aique Grupo Editor
Date of production, publication, distribution, manufacture, or copyright notice 2014
300 ## - PHYSICAL DESCRIPTION
Extent 126 p.
Dimensions 22 cm.
505 ## - FORMATTED CONTENTS NOTE
Formatted contents note 1. ¿Cómo enseñamos? Las estrategias entre la teoría y la práctica - 2. Las buenas preguntas - 3. Clases expositivas: trasmitir información y construir conocimiento significativo - 4. El uso crítico de las imágenes - 5. Explorar y descubrir - 6. Los proyectos de trabajo - 7. Enseñar en aulas heterogéneas - 8. El docente y las estrategias de enseñanza en el aula
590 ## - LOCAL NOTE (RLIN)
Local note niveau_biblio:m niveau_hierar:0
700 1# - ADDED ENTRY--PERSONAL NAME
Personal name Anijovich, Rebeca
856 41 - ELECTRONIC LOCATION AND ACCESS
Uniform Resource Identifier <a href="https://biblioeco.unsa.edu.ar/pmb/images/libros/estrategias_de_ensenianza.jpg">https://biblioeco.unsa.edu.ar/pmb/images/libros/estrategias_de_ensenianza.jpg</a>
Link text Imagen de portada
Electronic format type image/jpeg
942 ## - ADDED ENTRY ELEMENTS (KOHA)
Koha item type
Existencias
Withdrawn status Lost status Damaged status Not for loan Home library Current library Shelving location Date acquired Total checkouts Full call number Barcode Date last seen Price effective from Koha item type
        Biblioteca Prof. Eusebio Cleto del Rey Biblioteca Prof. Eusebio Cleto del Rey   07/04/2026   P37.02 A597 L125448 07/04/2026 07/04/2026 Libro
        Biblioteca Prof. Eusebio Cleto del Rey Biblioteca Prof. Eusebio Cleto del Rey   07/04/2026   P37.02 A597 L125449 07/04/2026 07/04/2026 Libro